Contrato de leasing financiero
Guardat en:
| Autor principal: | |
|---|---|
| Format: | Llibre |
| Idioma: | espanyol |
| Publicat: |
Santiago
Jurídica de Chile
1979
|
| Matèries: | |
| Etiquetes: |
Afegir etiqueta
Sense etiquetes, Sigues el primer a etiquetar aquest registre!
|
MARC
| LEADER | 00000nam a2200000 a 4500 | ||
|---|---|---|---|
| 001 | UCY7084 | ||
| 003 | CL-VaPUC | ||
| 008 | 950609e19790000CL |||||||||||||||||spa|d | ||
| 082 | 0 | 4 | |a 346.047 |b CAR |2 21 |
| 100 | 0 | |a Carmona Gallo, Carlos |e author |9 337344 | |
| 245 | 1 | 0 | |a Contrato de leasing financiero |
| 300 | |a 119 p | ||
| 942 | |c BK | ||
| 945 | |d 19950609 00:00:00 |a aalvarez | ||
| 260 | |a Santiago |b Jurídica de Chile |c 1979 | ||
| 650 | 0 | |a Arrendamiento |9 257654 | |
| 650 | 7 | |a LEASING |2 CL-VaPUC |9 257941 | |
| 650 | 0 | |a Derecho y legislación |9 255077 | |
| 651 | 7 | |a CHILE |2 CL-VaPUC |9 337345 | |
| 583 | |a last modification |c 19950609 00:00:00 |k Rodrigo Vera | ||
| 999 | |c 234541 |d 234539 | ||
| 952 | |0 0 |1 0 |4 0 |6 346_047000000000000_CAR_1979 |7 0 |8 A |9 241057 |a BIBDER |b BIBDER |d 2019-11-18 |i 2007061 |o 346.047 CAR 1979 |p 2007061 |r 2023-01-25 |w 2019-11-18 |y BK |k DER | ||